00410pab a2200145 454500008004000000100002300040245006700063260000900130300001300139362000800152650002800160650002400188650001600212773003600228180718b2000 xxu||||| |||| 00| 0 eng d aAlagh, Yoginder K. aAgriculture and economic growth - subsidies and trade policies c2000 ap.247-50 aAug aEconomic growth - India aAgriculture - India aAgriculture aAgricultural Situation in India